Rodinná politika Spolkove republiky Německo Expertíza

Gespeichert in:
Bibliographische Detailangaben
1. Verfasser: Moyzesová, Daniela
Format: Buch
Sprache:Tschechisch
Veröffentlicht: Bratislava Výskumný ústav práce a sociálnych vecí 1991
Ausgabe:1. vyd.
Tags: Tag hinzufügen
Keine Tags, Fügen Sie das erste Tag hinzu!

MARC

LEADER 00000nam a2200000 4500
001 c034671
005 20240417083756.7
041 0 |a cze 
044 |a SK 
245 1 0 |a Rodinná politika Spolkove republiky Německo  |b Expertíza  |c Daniela Moyzesová 
250 |a 1. vyd. 
264 1 |a Bratislava  |b Výskumný ústav práce a sociálnych vecí  |c 1991 
300 |a 11 s. 
100 1 |a Moyzesová, Daniela